000 00215 a2200097 4500
001 19799
100 _aFink, D G
245 _aStandard H/B for electrical Engrs
260 _a
_bMcGraw-Hill
_c
090 _c14423
_d14423
942 _aNUST-CAE
_cM
_c4918
999 _c254872
_d254872